000 00736nam a2200229Ii 4500
003 JO-AjNU
008 230605s9999||||xx |||||||||||||| ||und||
017 _a21004
020 _a977-358-050-4
040 _aJO-AjNU
_bara
_erda
_cJO-AjNU
041 _aara
050 1 4 _aBP170.85.H546 2004
100 3 _aحجاب، محمد منير,
_eauthor
_98017
245 0 0 _aالدعوة الإسلامية التحديات- المواجهة
250 _aط1
264 3 1 _aالقاهرة: دار الفجر للنشر والتوزيع، 2004
300 _a155ص
336 _atext
_btxt
_2rdacontent
337 _aunmediated
_bn
_2rdamedia
338 _avolume
_bnc
_2rdacarrier
650 4 _aدعوة اسلامية- وعظ وارشاد
_98018
999 _aA574
_c4142
_d4142